<?xml version="1.0" encoding="UTF-8"?><marc:collection xmlns:marc="http://www.loc.gov/MARC21/slim">
  <marc:record>
    <marc:leader>00000nam##2200000za#4500</marc:leader>
    <marc:controlfield tag="001">9.606276</marc:controlfield>
    <marc:controlfield tag="003">CaOODSP</marc:controlfield>
    <marc:controlfield tag="005">20210624212539</marc:controlfield>
    <marc:controlfield tag="007">cr |||||||||||</marc:controlfield>
    <marc:controlfield tag="008">150406|2004||||xxc|||||o    f|0| 0 fre|d</marc:controlfield>
    <marc:datafield tag="020" ind1=" " ind2=" ">
      <marc:subfield code="a">0-662-77609-7</marc:subfield>
    </marc:datafield>
    <marc:datafield tag="040" ind1=" " ind2=" ">
      <marc:subfield code="a">CaOODSP</marc:subfield>
      <marc:subfield code="b">fre</marc:subfield>
    </marc:datafield>
    <marc:datafield tag="043" ind1=" " ind2=" ">
      <marc:subfield code="a">n-cn---</marc:subfield>
    </marc:datafield>
    <marc:datafield tag="086" ind1="1" ind2=" ">
      <marc:subfield code="a">En4-42/2004F-PDF</marc:subfield>
    </marc:datafield>
    <marc:datafield tag="110" ind1="1" ind2=" ">
      <marc:subfield code="a">Canada. </marc:subfield>
      <marc:subfield code="b">Environnement Canada.</marc:subfield>
    </marc:datafield>
    <marc:datafield tag="245" ind1="1" ind2="0">
      <marc:subfield code="a">Document d'orientation à l'intention des utilisateurs de bois traité industriel : </marc:subfield>
      <marc:subfield code="h">[ressource électronique]</marc:subfield>
      <marc:subfield code="b">directives sur les concepts d'utilisation du bois traité industriel à inclure dans un système de gestion environnementale en ce qui concerne le bois traité à l'ACC (arséniate de cuivre chromaté), à l'ACA (arséniate de cuivre ammoniacal), à l'ACZA (arséniate de cuivre et de zinc ammoniacal), à la créosote et au pentachlorophénol / </marc:subfield>
      <marc:subfield code="c">préparé par le Groupe de travail sur l'élaboration des lignes directrices du processus des options stratégiques de préservation du bois. </marc:subfield>
    </marc:datafield>
    <marc:datafield tag="260" ind1=" " ind2=" ">
      <marc:subfield code="a">Ottawa - Ontario : </marc:subfield>
      <marc:subfield code="b">Environnement Canada </marc:subfield>
      <marc:subfield code="c">Septembre 2004.</marc:subfield>
    </marc:datafield>
    <marc:datafield tag="300" ind1=" " ind2=" ">
      <marc:subfield code="a">95p.</marc:subfield>
      <marc:subfield code="b">références, tableaux</marc:subfield>
    </marc:datafield>
    <marc:datafield tag="490" ind1="1" ind2=" ">
      <marc:subfield code="a">Série de la protection de l'environnement. [Protection et préservation du bois]</marc:subfield>
      <marc:subfield code="v">SPE 2/WP/7 F</marc:subfield>
    </marc:datafield>
    <marc:datafield tag="500" ind1=" " ind2=" ">
      <marc:subfield code="a">Veersion 1</marc:subfield>
    </marc:datafield>
    <marc:datafield tag="520" ind1="3" ind2=" ">
      <marc:subfield code="a">« Le présent document vise à favoriser une gestion écologiquement responsable de l’achat, de l’utilisation, de l’entreposage et de l’élimination du bois traité au moyen de produits de préservation à usages intensifs. Le document a été élaboré à la suite des recommandations du Processus des options stratégiques (POS) du gouvernement du Canada sur le secteur de la préservation du bois. ... Les utilisateurs industriels de bois traité constituent l’auditoire cible de ce rapport, ce qui comprend, sans s’y limiter, les sociétés ferroviaires, les entreprises d’électricité, les compagnies de téléphone ainsi que les ministères gouvernementaux utilisant du bois traité, comme les organismes responsables des transports et les ministères des pêches et des ressources naturelles. »--Introduction, p.6 de 95.</marc:subfield>
    </marc:datafield>
    <marc:datafield tag="590" ind1=" " ind2=" ">
      <marc:subfield code="a">14-01-Supp</marc:subfield>
      <marc:subfield code="b">2014-01-07</marc:subfield>
    </marc:datafield>
    <marc:datafield tag="691" ind1="0" ind2="7">
      <marc:subfield code="a">Bois</marc:subfield>
      <marc:subfield code="2">gcpds</marc:subfield>
    </marc:datafield>
    <marc:datafield tag="691" ind1="0" ind2="7">
      <marc:subfield code="a">Industrie du bois</marc:subfield>
      <marc:subfield code="2">gcpds</marc:subfield>
    </marc:datafield>
    <marc:datafield tag="691" ind1="0" ind2="7">
      <marc:subfield code="a">Norme de sécurité</marc:subfield>
      <marc:subfield code="2">gcpds</marc:subfield>
    </marc:datafield>
    <marc:datafield tag="691" ind1="0" ind2="7">
      <marc:subfield code="a">Produit toxique</marc:subfield>
      <marc:subfield code="2">gcpds</marc:subfield>
    </marc:datafield>
    <marc:datafield tag="775" ind1="0" ind2="8">
      <marc:subfield code="t">Industrial treated wood users guidance document : </marc:subfield>
      <marc:subfield code="w">(CaOODSP)9.577929</marc:subfield>
    </marc:datafield>
    <marc:datafield tag="830" ind1="#" ind2="0">
      <marc:subfield code="a">Série de la protection de l'environnement. [Protection et préservation du bois]</marc:subfield>
      <marc:subfield code="v">SPE 2/WP/7 F</marc:subfield>
      <marc:subfield code="w">(CaOODSP)9.504068</marc:subfield>
    </marc:datafield>
    <marc:datafield tag="856" ind1="4" ind2="0">
      <marc:subfield code="a">http://publications.gc.ca</marc:subfield>
      <marc:subfield code="q">PDF</marc:subfield>
      <marc:subfield code="s">591 Ko</marc:subfield>
      <marc:subfield code="u">https://publications.gc.ca/collections/collection_2013/ec/En4-42-2004-fra.pdf</marc:subfield>
      <marc:subfield code="y">SPE 2/WP/7 F</marc:subfield>
    </marc:datafield>
  </marc:record>
</marc:collection>
